00825nam a2200193 a 450000500170000000800410001702000180005805000230007610000210009924500970012026000480021730000100026544000170027550000190029252001730031165000120048499900190049695201160051520140412111324.0000829s19uu xx 00 eng d a1-85697-411-1 aREF 030bW872 1999 aO' Niell, Amanda aI wonder why snakes shed their skin :band other questions about reptiles /cAmanda O'Neill. aDanbury, Connecticut :bGrolier Inc,c1999. a32 p. aI wonder why aIncludes index aI Wonder Why Snakes Shed Their Skin is jam-packed with fascinating facts about reptiles, from 'Which reptile has a frightful frill?' to 'Which turtle kicks up a stink?' aScience c104541d104541 00104050aELbELcREFd2000-08-29eDonationl0oREF 030 W872 1999pE8213r2014-04-12 00:00:00w2014-04-12yBK